LEADER 01287cam0-2200325---450 001 990009878110403321 005 20210709123146.0 035 $a000987811 035 $aFED01000987811 035 $a(Aleph)000987811FED01 035 $a000987811 100 $a20140704d1832----km-y0itay50------ba 101 0 $aita 102 $aIT 105 $ay-------001yy 200 1 $aPrediche recitate al popolo liberale da Don Muso Duro, curato nel paese della verità e nella contrada della poca pazienza 210 $a[s.l.$cs.e.]$d1832 215 $a30 p.$d19 cm 304 $aPer il nome dell'A. Monaldo Leopardi cfr.: Autobiografia di M. Leopardi - Roma, 1883, p. 400. 676 $a252.03$v23$zita 676 $a858,7$v23$zita 700 1$aLeopardi,$bMonaldo$f<1776-1847>$0194120 801 0$aIT$bUNINA$gRICA$2UNIMARC 856 4 $zVisualizza la versione elettronica in SBNWeb$uhttps://books.google.it/books?id=iIJtzXYmmx8C&printsec=frontcover&hl=it&source=gbs_ge_summary_r&cad=0#v=onepage&q&f=false$e20210709 901 $aBK 912 $a990009878110403321 952 $aSG 300/B 115 (3)$bs.i.$fFLFBC 959 $aFLFBC 996 $aPrediche recitate al popolo liberale da Don Muso Duro, curato nel paese della verità e nella contrada della poca pazienza$9826912 997 $aUNINA LEADER 01421nas 2200493-a 450 001 996215034503316 005 20240206155258.0 011 $a1472-6769 035 $a(DE-599)ZDB2059860-9 035 $a(OCoLC)47657378 035 $a(CKB)111000136906068 035 $a(CONSER)--2002243066 035 $a(EXLCZ)99111000136906068 100 $a20010726b20012012 s-- - 101 0 $aeng 135 $aurcn||||||||| 181 $ctxt$2rdacontent 182 $cc$2rdamedia 183 $acr$2rdacarrier 200 00$aBMC chemical biology 210 1$aLondon :$cBioMed Central,$d[2001-2012] 300 $aRefereed/Peer-reviewed 300 $aTitle from BioMed Central archive volume screen (viewed Apr. 21, 2004). 517 3 $aBioMed Central chemical biology 517 3 $aChemical biology 531 $aBMC CHEM BIOL 531 10$aBMC Chem Biol 606 $aBiochemistry$vPeriodicals 606 $aBiochemistry$2fast$3(OCoLC)fst00831961 606 $aBiochemistry 606 $aChemistry, Pharmaceutical 608 $aFulltext. 608 $aInternet Resources. 608 $aPeriodicals. 608 $aPeriodicals.$2fast 608 $aPeriodical. 615 0$aBiochemistry 615 7$aBiochemistry. 615 12$aBiochemistry. 615 12$aChemistry, Pharmaceutical. 906 $aJOURNAL 912 $a996215034503316 996 $aBMC chemical biology$92016936 997 $aUNISA